Statistics for 2020 Oscar Nominees

Click here to take the quiz!

General Stats

  • This quiz has been taken 257 times
    (202 since last reset)
  • The average score is 19 of 34

Answer Stats

Nom. Movie Won % Correct
6Parasite4
99%
11Joker2
95%
10Once Upon a Time in Hollywood2
92%
6Marriage Story1
91%
6Little Women1
88%
1019173
87%
6Jojo Rabbit1
84%
10The Irishman0
84%
2Judy1
77%
2Toy Story 41
76%
4Ford v Ferrari2
76%
3The Two Popes0
68%
3Bombshell1
66%
1Avengers: Endgame0
64%
1Rocketman1
58%
1Frozen 20
56%
2Harriet0
55%
1Klaus0
50%
2Pain and Glory0
50%
3Star Wars: The
Rise of SkyWalker
0
43%
1Knives Out0
42%
1The Lighthouse0
42%
1Missing Link0
40%
1A Beautiful Day in the
Neighborhood
0
38%
1How to Train Your Dragon:
The Hidden World
0
37%
1The Lion King0
36%
1Richard Jewell0
34%
1Les Misérables0
31%
1I Lost My Body0
30%
1Honeyland0
28%
1Ad Astra0
27%
1Maleficent: Mistress of Evil0
24%
1Corpus Christi0
20%
1Breakthrough0
15%

Score Distribution

Percentile by Number Answered

Percent of People with Each Score

Your Score History

You have not taken this quiz since the last reset